000 00328nam a2200157Ia 4500
100 _aKumbhojkar / G.V
490 _v3
942 _cBK
654 _amathematics III
245 _aApplied Mathematics III
260 _bC.Jamnadas&co.
_aPune
_c2005
082 _a511
_bKUM
300 _a464
546 _aENGLISH
999 _c28498
_d28498